[Event "Torino Sada op"]
[Site "Torino"]
[Date "2012.10.15"]
[Round "5"]
[White "Artero, Carlo"]
[Black "Mantovan, Giuseppe"]
[Result "0-1"]
[WhiteElo "1767"]
[BlackElo "1848"]
[PlyCount "86"]
[EventDate "2012.09.17"]
[EventType "swiss"]
[EventRounds "7"]
[EventCountry "ITA"]
[SourceTitle "EXT 2018"]
[Source "ChessBase"]
[SourceDate "2017.10.13"]
[SourceVersion "1"]
[SourceVersionDate "2017.10.13"]
[SourceQuality "1"]

1. e4 e6 2. d3 d5 3. Nd2 Nf6 4. Ngf3 c5 5. g3 Nc6 6. Bg2 Be7 7. 0-0 0-0 8. e5 Nd7 9. Re1 f6 10. exf6 Rxf6 11. Nf1 Nb6 12. Bf4 Qf8 13. Qd2 c4 14. d4 Bd7 15. c3 h6 16. h4 Qf7 17. N1h2 Rf8 18. Ng4 Rxf4 19. Qxf4 Qh5 20. Nxh6+ Qxh6 21. Qxh6 gxh6 22. Re3 Nc8 23. Bh3 Nd6 24. Ne5 Nxe5 25. Rxe5 Rf6 26. Rae1 Kf7 27. Kg2 Ne8 28. Bg4 Ng7 29. f4 Bd6 30. R5e3 Rg6 31. Kf3 h5 32. Bh3 Ne8 33. Rg1 Nf6 34. g4 hxg4+ 35. Bxg4 Nxg4 36. Rxg4 Rxg4 37. Kxg4 e5+ 38. f5 e4 39. Re1 Kf6 40. Rf1 Bf8 41. b3 b5 42. bxc4 bxc4 43. h5 Bh6 0-1

[Event "Torino Sada op"]
[Site "Torino"]
[Date "2012.09.24"]
[Round "2"]
[White "Artero, Carlo"]
[Black "Accattino, Gianfranco"]
[Result "1-0"]
[WhiteElo "1767"]
[BlackElo "1440"]
[PlyCount "65"]
[EventDate "2012.09.17"]
[EventType "swiss"]
[EventRounds "7"]
[EventCountry "ITA"]
[SourceTitle "EXT 2018"]
[Source "ChessBase"]
[SourceDate "2017.10.13"]
[SourceVersion "1"]
[SourceVersionDate "2017.10.13"]
[SourceQuality "1"]

1. e4 c5 2. Nf3 d6 3. d4 cxd4 4. Nxd4 Nc6 5. Nc3 a6 6. Be3 Nf6 7. f3 e6 8. Qd2 Be7 9. 0-0-0 0-0 10. g4 e5 11. Nb3 Be6 12. Kb1 b5 13. h4 Nb4 14. a3 Nc6 15. g5 Nd7 16. Nd5 g6 17. Nxe7+ Qxe7 18. Qxd6 Rfc8 19. Qxe7 Nxe7 20. Bh3 Rd8 21. Bxe6 fxe6 22. Rd6 Nf8 23. Rhd1 Nc6 24. Rxd8 Nxd8 25. Nc5 a5 26. Rd6 Rb8 27. Bd2 a4 28. Bc3 Nf7 29. Ra6 Rd8 30. Kc1 Nd6 31. Bxe5 Nc4 32. Bf6 Re8 33. Ra7 1-0

[Event "Torino SST Junior-Senior (giallo)"]
[Site "Torino"]
[Date "2012.04.19"]
[Round "7"]
[White "Artero, Carlo"]
[Black "Brugnoli, Flavio"]
[Result "0-1"]
[WhiteElo "1772"]
[BlackElo "1901"]
[PlyCount "84"]
[EventDate "2011.10.20"]
[EventType "schev"]
[EventRounds "8"]
[EventCountry "ITA"]
[SourceTitle "EXT 2018"]
[Source "ChessBase"]
[SourceDate "2017.10.13"]
[SourceVersion "1"]
[SourceVersionDate "2017.10.13"]
[SourceQuality "1"]

1. e4 g6 2. d4 Bg7 3. Nc3 d6 4. Be3 c6 5. Qd2 Nd7 6. 0-0-0 b5 7. h4 Qa5 8. Kb1 b4 9. Nce2 Rb8 10. Nc1 Ngf6 11. f3 h5 12. Nb3 Qc7 13. Bc4 a5 14. e5 dxe5 15. dxe5 Nxe5 16. Bf4 Nfd7 17. Qe2 a4 18. Nc1 Qb6 19. Nh3 Nxc4 20. Qxc4 Ba6 21. Qe4 Nc5 22. Qe3 Rb7 23. Bd6 Ne6 24. Qxb6 Rxb6 25. Bg3 0-0 26. Nf2 c5 27. Ncd3 c4 28. Ne5 Rb7 29. Ne4 a3 30. Rd7 Rxd7 31. Nxd7 Rd8 32. Ndc5 Nxc5 33. Nxc5 Bb5 34. bxa3 bxa3 35. Re1 Rd2 36. Rg1 Bd4 37. Ne4 Re2 38. Rd1 Rxg2 39. c3 f5 40. Rxd4 fxe4 41. Be5 exf3 42. Rf4 f2 0-1

[Event "Torino SST Junior-Senior (giallo)"]
[Site "Torino"]
[Date "2012.01.19"]
[Round "4"]
[White "Bertagia, Roldano"]
[Black "Artero, Carlo"]
[Result "1-0"]
[WhiteElo "1928"]
[BlackElo "1806"]
[PlyCount "79"]
[EventDate "2011.10.20"]
[EventType "schev"]
[EventRounds "8"]
[EventCountry "ITA"]
[SourceTitle "EXT 2018"]
[Source "ChessBase"]
[SourceDate "2017.10.13"]
[SourceVersion "1"]
[SourceVersionDate "2017.10.13"]
[SourceQuality "1"]

1. d4 c5 2. d5 d6 3. c4 Nf6 4. Nc3 g6 5. Nf3 Bg7 6. e4 e6 7. Bd3 exd5 8. exd5 Qe7+ 9. Qe2 Qxe2+ 10. Kxe2 0-0 11. Bf4 Re8+ 12. Kd2 Ng4 13. Rhe1 Ne5 14. Nb5 Na6 15. Nxd6 Nxf3+ 16. gxf3 Rxe1 17. Rxe1 Bd7 18. Re7 Rd8 19. Nxb7 Bf8 20. Nxd8 Bxe7 21. Nb7 Bc8 22. Na5 Nb4 23. Bb1 Bd8 24. Nb3 Na6 25. a3 g5 26. Bd6 Bb6 27. Bd3 f5 28. Kc2 Kf7 29. Nd2 Nc7 30. Nf1 Kf6 31. Kc3 Ne8 32. Bb8 a5 33. Ne3 f4 34. Nf1 h6 35. Nd2 Bd7 36. Ne4+ Ke7 37. b4 axb4+ 38. axb4 cxb4+ 39. Kxb4 Bc7 40. Bxc7 1-0

[Event "Nichelino op 8th"]
[Site "Nichelino"]
[Date "2007.10.06"]
[Round "4"]
[White "Fassio, Francesco"]
[Black "Artero, Carlo"]
[Result "1-0"]
[WhiteElo "1732"]
[BlackElo "1608"]
[PlyCount "83"]
[EventDate "2007.10.04"]
[EventType "swiss"]
[EventRounds "6"]
[EventCountry "ITA"]
[SourceTitle "EXT 2010"]
[Source "ChessBase"]
[SourceDate "2010.11.25"]
[SourceVersion "1"]
[SourceVersionDate "2010.11.25"]
[SourceQuality "1"]

1. c4 c5 2. Nc3 Nc6 3. g3 g6 4. Bg2 Bg7 5. Nf3 Nf6 6. 0-0 0-0 7. a3 d6 8. d3 Qb6 9. Rb1 Bf5 10. Bd2 a5 11. Nb5 d5 12. cxd5 Nxd5 13. Nc3 Nxc3 14. bxc3 Qc7 15. c4 a4 16. Be3 b6 17. Bc1 Rfd8 18. Bb2 f6 19. Nd2 Ra7 20. Bc3 e5 21. Ne4 Be6 22. Bd2 Nd4 23. Nc3 Qd7 24. Nb5 Nxb5 25. Rxb5 Bxc4 26. Rxb6 Bb3 27. Qc1 c4 28. Be3 Rc7 29. dxc4 Rxc4 30. Qb1 Rc2 31. Rxb3 axb3 32. Qxb3+ Kf8 33. Qxc2 f5 34. Rc1 e4 35. Bb6 Ra8 36. Bc5+ Ke8 37. Bb4 h5 38. h4 Bh6 39. Rd1 Qb5 40. e3 Qb6 41. Qc3 Kf7 42. Rd7+ 1-0

[Event "Nichelino op 8th"]
[Site "Nichelino"]
[Date "2007.10.05"]
[Round "2"]
[White "Artero, Carlo"]
[Black "Sattanino, Andrea"]
[Result "0-1"]
[WhiteElo "1608"]
[BlackElo "1843"]
[PlyCount "96"]
[EventDate "2007.10.04"]
[EventType "swiss"]
[EventRounds "6"]
[EventCountry "ITA"]
[SourceTitle "EXT 2010"]
[Source "ChessBase"]
[SourceDate "2010.11.25"]
[SourceVersion "1"]
[SourceVersionDate "2010.11.25"]
[SourceQuality "1"]

1. e4 e5 2. Nf3 Nf6 3. Nxe5 d6 4. Nf3 Nxe4 5. d4 d5 6. Bd3 Bd6 7. 0-0 0-0 8. c4 c6 9. Qc2 f5 10. c5 Bc7 11. Re1 Nd7 12. Bxe4 fxe4 13. Ng5 Nf6 14. Qb3 Ng4 15. f3 Bxh2+ 16. Kh1 Bg3 17. Re2 exf3 18. gxf3 Qf6 19. Nd2 Qh6+ 20. Kg1 Qh4 21. Nde4 Nf6 22. Nxg3 Qxg3+ 23. Rg2 Qe1+ 24. Kh2 Qh4+ 25. Kg1 Qxd4+ 26. Be3 Qe5 27. Re1 Qf5 28. f4 h6 29. Nf3 Ne4 30. Bd4 Rf7 31. Nh4 Qxf4 32. Ng6 Qf3 33. Qxf3 Rxf3 34. Ne7+ Kf7 35. Rxg7+ Ke6 36. Nxc8 Rxc8 37. Rg6+ Kf5 38. Rxh6 Rg8+ 39. Kh2 Rd3 40. Rf1+ Kg5 41. Rh3 Rd2+ 42. Kh1 Kg4 43. Rh7 Ng3+ 44. Kg1 Nxf1 45. Bf6 Kf3+ 46. Kh1 Ng3+ 47. Kg1 Nh5+ 48. Bg7 Rxg7+ 0-1